000 00255nam a22001097a 4500
008 170116b xxu||||| |||| 00| 0 eng d
020 _a9780130483522
041 _aeng
080 _23RD
_a618.2
245 _aPEDIATRIC NURSING
_cBINDLER, R.C
942 _2udc
_cBK
999 _c2970
_d2970